MARC

LEADER 00000nam0a2200000 4500
001 273551
005 20231101234636.0
020 |a RU  |b 86-1840 
035 |a (RuTPU)RU\TPU\book\296760 
090 |a 273551 
100 |a 20141028d1985 k y0rusy5003 ca 
101 0 |a rus 
102 |a RU 
105 |a a z 000zy 
200 1 |a Моделирование задач электрификации и электроэнергетики  |e сборник научных трудов  |f Энергетический научно-исследовательский институт им. Г.М. Кржижановского (ЭНИН) ; под ред. А. С. Некрасова 
210 |a Москва  |c Изд-во ЭНИН  |d 1985 
215 |a 198 с.  |c ил. 
606 1 |a Энергетические системы  |2 stltpush  |3 (RuTPU)RU\TPU\subj\21258  |9 46268 
610 1 |a электрификация 
610 1 |a электроэнергетические системы 
610 1 |a математическое моделирование 
610 1 |a СССР 
610 1 |a прогнозирование 
675 |a 621.311.001  |z rus  |v 3 
702 1 |a Некрасов  |b А. С.  |g Александр Семенович  |4 340 
712 0 2 |a Энергетический научно-исследовательский институт им. Г.М. Кржижановского (ЭНИН)  |c (Москва)  |c (1961-1993)  |2 stltpush  |3 (RuTPU)RU\TPU\col\3004 
801 0 |a RU  |b RuMRKP  |c 19950704  |g psbo 
801 1 |a RU  |b 63413507  |c 20141028 
801 2 |a RU  |b 63413507  |c 20170321  |g RCR 
942 |c BK